logo

Bir Sreshtho Munshi Abdur Rouf Library
Jhenaidah Cadet College

Quiet : (Record no. 12734)

MARC details
000 -LEADER
fixed length control field 00823nam a2200277 a 4500
001 - CONTROL NUMBER
control field 12734
003 - CONTROL NUMBER IDENTIFIER
control field BD-JhCC
005 - DATE AND TIME OF LATEST TRANSACTION
control field 20230509162558.0
008 - FIXED-LENGTH DATA ELEMENTS--GENERAL INFORMATION
fixed length control field 230509s2012 nyu b 001 0 eng
020 ## - INTERNATIONAL STANDARD BOOK NUMBER
International Standard Book Number 9780141029191
035 ## - SYSTEM CONTROL NUMBER
System control number (BD-JhCC)12734
040 ## - CATALOGING SOURCE
Original cataloging agency DLC
Transcribing agency DLC
Modifying agency DLC
-- BD-JhCC
050 00 - LIBRARY OF CONGRESS CALL NUMBER
Classification number BF698.35.I59
Item number C35 2012
082 00 - DEWEY DECIMAL CLASSIFICATION NUMBER
Classification number 155.2/32
Edition number 22
Item number CAI 2012
100 1# - MAIN ENTRY--PERSONAL NAME
Personal name Cain, Susan.
245 10 - TITLE STATEMENT
Title Quiet :
Remainder of title the power of introverts in a world that can't stop talking /
Statement of responsibility, etc. Susan Cain.
250 ## - EDITION STATEMENT
Edition statement 1st ed.
260 ## - PUBLICATION, DISTRIBUTION, ETC.
Place of publication, distribution, etc. New York :
Name of publisher, distributor, etc. Penguin Books,
Date of publication, distribution, etc. c2012.
300 ## - PHYSICAL DESCRIPTION
Extent x, 333 p. ;
Dimensions 25 cm.
504 ## - BIBLIOGRAPHY, ETC. NOTE
Bibliography, etc. note Includes bibliographical references (p. [277]-323) and index.
650 #0 - SUBJECT ADDED ENTRY--TOPICAL TERM
Topical term or geographic name entry element Introverts.
650 #0 - SUBJECT ADDED ENTRY--TOPICAL TERM
Topical term or geographic name entry element Introversion.
650 #0 - SUBJECT ADDED ENTRY--TOPICAL TERM
Topical term or geographic name entry element Extraversion.
650 #0 - SUBJECT ADDED ENTRY--TOPICAL TERM
Topical term or geographic name entry element Interpersonal relations.
942 ## - ADDED ENTRY ELEMENTS (KOHA)
Source of classification or shelving scheme Dewey Decimal Classification
Koha item type Books
Holdings
Withdrawn status Lost status Source of classification or shelving scheme Damaged status Not for loan Home library Current library Shelving location Date acquired Serial Enumeration / chronology Total Checkouts Full call number Barcode Date last seen Date last checked out Copy number Price effective from Koha item type
    Dewey Decimal Classification     JCC Rouf Library JCC Rouf Library General Stacks 05/09/2023 600 5 155.2/32 CAI 2012 17695 03/05/2024 01/31/2024 C-1 05/09/2023 Books

JCC Library | Contacts | JCC Home

Last Update on 23 September 2017
Copyright @ 2017-2020 JCC Rouf Library
Rouf Library, Jhenidah Cadet College (JCC), Bangladesh